00696nam a2200133Ia 4500008004100000020002200041245022000063260008000283300002200363500001900385650002100404999001900425952011800444200903s9999 xx 000 0 und d a978-971-9694-04-5 cEdtors Mary Grace C. Lacanaria, Glenda A. Vargas, Elizabeth R. Roxas, etc.aResource manual bachelor of science in nursing outcomes-based education curriculum:binstructional design for professional nursing courses/ aManila:bAssociation of Deans of Philippine Colleges of Nursing, Inc.c2019 a324 pagesc30 cm. aIncludes index aAlgebras, linear c364043d364043 001040aCLbCLcRESd2020-09-03eLibrary Fundl0oQA 184 .L334 2019pC22177r2020-09-03 00:00:00w2020-09-03yBK